| 000 | 01855nam a2200241Ia 4500 | ||
|---|---|---|---|
| 003 | Ost | ||
| 005 | 20260507075447.0 | ||
| 008 | 260507s9999||||xx |||||||||||||| ||und|| | ||
| 040 | _cfsecg | ||
| 041 | _aara | ||
| 082 | _a510 | ||
| 100 |
_aالفيومي، نائل اسماعيل _eمؤلف |
||
| 245 | 0 |
_aالرياضيات الحديثة : _bالكميات المتجهة،الهندسة الناقصة،الاقترانات المطابقة(المشاكلة)،المنطق،المجموعات،البنى الجبرية،الانحدار والتباعد والالتفاف / _c نائل اسماعيل الفيومي |
|
| 260 |
_aعمان: _bدار الصفاء للنشر, _c2008 |
||
| 300 |
_a279 صفحة؛ _bإيضاحات ؛ _c24 سم |
||
| 504 | _aبيبليوغرافيا ص.279 | ||
| 520 | _aمنذ القدم والرياضيات تعرف بأم العلوم وأطلقوا عليها أسماء كثيرة مثل ملكة العلوم وقيصرة العلوم إلى آخره من الأسماءالتي تبرز دور الرياضيات وأهميتها وأنطلاقا من الأهمية البالغة لهذا العلم الذي يدخل في جميع مناحي الحياة وإن هذه المادة هي متتطلب أجباري لمعظم التخصصات في الجامعات والكليات فقد ضم هذا الكتاب في طياته فصو رئيسية تناولت المواضيع التالية : -الكميات المتجهة .-الهندسة الناقصة .-الاقترانات المطابقة(الامشاكلة) .-المنطق،المجموعات،البنى الجبرية .-الانحدار والتباعد الالتفاف | ||
| 653 | _aالجبر | ||
| 653 | _aالرياضيات | ||
| 653 | _aالكميات المتجهة | ||
| 653 | _aالهندسة الناقصة | ||
| 942 | _cكتاب | ||
| 999 |
_c44596 _d44596 |
||